Principles of instrumental analysis /

Bibliographic Details
Main Author: Skoog, Douglas A.
Other Authors: Leary, James J.
Format: Book
Language:English
Published: Fort Worth : Saunders College Pub., [1992]
Edition:4th ed.
Series:Saunders golden sunburst series.
Subjects:

MARC

Tag First Indicator Second Indicator Subfields
LEADER 00000cam a2200000 a 4500
001 in00001517821
005 20151021164840.0
008 920306s1992 flua 000 0 eng
010 |a  91058036  
020 |a 0030233437 
020 |a 9780030233432 
035 |a (OCoLC)25132834 
040 |a DLC  |c DLC  |d UBA  |d TXA  |d UtOrBLW 
049 |a TXAM 
050 0 0 |a QD79.I5  |b S58 1992 
082 0 0 |a 543  |2 20 
100 1 |a Skoog, Douglas A. 
245 1 0 |a Principles of instrumental analysis /  |c Douglas A. Skoog, James J. Leary. 
250 |a 4th ed. 
264 1 |a Fort Worth :  |b Saunders College Pub.,  |c [1992] 
264 4 |c ©1992 
300 |a xii, 700 pages :  |b illustrations ;  |c 26 cm. 
336 |a text  |b txt  |2 rdacontent 
337 |a unmediated  |b n  |2 rdamedia 
338 |a volume  |b nc  |2 rdacarrier 
490 1 |a Saunders golden sunburst series 
504 |a Includes bibliographical references and index. 
650 0 |a Instrumental analysis. 
650 7 |a Analise Quimica Qualitativa.  |2 larpcal 
700 1 |a Leary, James J. 
830 0 |a Saunders golden sunburst series. 
948 |a cataloged  |b h  |c 2000/2/8  |d c  |e cer  |f 1:29:11 pm 
994 |a E0  |b TXA 
999 |a MARS 
999 f f |s f9fa76e6-0dd8-3b99-86ba-77d611a3b8ef  |i 76c6e50b-9d7c-3db2-9737-9ae06d9d8e7a  |t 0 
952 f f |p normal  |a Texas A&M University  |b College Station  |c Sterling C. Evans Library  |d Evans: Library Stacks  |t 0  |e QD79.I5 S58 1992  |h Library of Congress classification  |i unmediated -- volume  |m A14825619821 
998 f f |a QD79.I5 S58 1992  |t 0  |l Evans: Library Stacks